000 00329nam a22001337a 4500
999 _c5715
_d5713
005 20210831130543.0
008 180628b xxu||||| |||| 00| 0 eng d
041 _aeng
100 _aMANKIW, N GREGORY
_94419
245 _aPRINCIPLES OF MICROECONOMICS
260 _aANDOVER
_bCENGAGE LEARNING
_c2012
300 _a503p,
942 _cBK